Statistiques concernant Tous les pokémon d' Albert

Cliquez ici pour prendre le quiz!

Statistiques générales

  • Ce quiz a été pris 24 fois
  • Le résultat moyen est 9 sur 13

Statistiques - réponses

HintRéponse% Correct
Roucoups
100%
Or & Argent
& Cristal
Roucool
94%
Heartgold
& Soulsilver
Roucarnage
89%
Etouraptor
78%
Noarfang
78%
Hélédelle
72%
Nostenfer
67%
Dodrio
61%
Ptéra
61%
Noir2 & Blanc2Rapasdepic
56%
Xatu
56%
Békipan
50%
Corboss
50%

Distribution des résultats

Percentile par nombre de réponses

% des personnes avec chaque résultat

Votre développement - résultats

Vous n’avez pas pris ce quiz